Modelación del desarrollo sostenible en sistemas agrícola-forestales del corregimiento de Aquitania, (Antioquia) (Registro nro. 15577)

Detalles MARC
000 -CABECERA
Campo de control 004360000a22001210004500
090 ## - CLASIFICACIÓN LOCAL
Colección AS
Consecutivo Seriadas
041 0# - IDIOMA
Código de idioma para texto/pista de sonido o título separado
100 1# - ASIENTO PRINCIPAL--NOMBRE PERSONAL
Nombre personal Vargas Isaza, Olga Lucía
245 10 - MENCION DE TITULO
Título Modelación del desarrollo sostenible en sistemas agrícola-forestales del corregimiento de Aquitania, (Antioquia)
700 1# - ASIENTO SECUNDARIO - NOMBRE PERSONAL
Nombre personal Blandón M. , Luis Alberto
773 1# - Item fuente:
Título Crónica Forestal y del Medio Ambiente
Descripción física 11
Paginas del Articulo 59-76
Lugar, editorial y fecha de publicación 1996
942 ## - ELEMENTOS ADICIONALES (KOHA)
Tipo de ítem Artículo

No hay ítems disponibles.